000 00693nam a22002172 4500
001 0000007500
005 20151217145838.0
008 080208s xx 000 0 eng d
020 _a076197002 :
_cKES
040 _aKABU
_cKABU
245 1 0 _aDoing educational research :
_ba guide to first-time researchers /
_cedited by Clive Opie.
260 _aLondon :
_bSage,
_c2004.
300 _axvi, 244 p.
650 0 _aEducation
_xResearch.
_@0000148150
700 1 _aOpie, Clive.
_@0000158738
908 _a080208
950 _@1
999 _c3222
_d3222